000 00712nam a2200241Ia 4500
001 15766
003 GE_BSU
008 181216s||||||||xx |||||||||||||| ||und||
020 _a978-99940-54-96-1
040 _cGE_BSU
100 _aჭილაძე, ო. (ოთარ, 1933-2009)
245 _aრკინის თეატრი
245 _bრომანი
245 _cმხატვ. ნანა ჭილაძე
250 _aმე-4 გამოცემა
260 _aთბილისი
260 _bარეტე
260 _c2007
300 _a456 გვ. ; 20 სმ
653 _aრკინის თეატრი
653 _aრომანი
942 _cBK
999 _c48864
_d48864